[Event "2023 US National Elementary K-6 Championship"]
[Site "Baltimore, Maryland, United States"]
[Date "2023.05.14"]
[Round "6.4"]
[White "Wong, Wyatt"]
[Black "Hong, Neal"]
[Result "1-0"]
[TimeControl "G/90; d10"]
[WhiteElo "1962"]
[BlackElo "1801"]

1. e4 {[%clk 01:30:00]} {[%emt 00:00:03]} e5 {[%clk 01:30:00]} 2. Nf3 {[%clk
01:30:00]} {[%emt 00:00:04]} Nc6 {[%clk 01:30:00]} {[%emt 00:00:10]} 3. Bc4
{[%clk 01:30:00]} {[%emt 00:00:16]} Bc5 {[%clk 01:30:00]} 4. d3 {[%clk
01:30:00]} Nf6 {[%clk 01:29:50]} {[%emt 00:00:15]} 5. c3 {[%clk 01:29:49]}
{[%emt 00:01:25]} h6 {[%clk 01:29:50]} 6. a4 {[%clk 01:29:49]} a5 {[%clk
01:29:50]} 7. O-O {[%clk 01:29:49]} O-O {[%clk 01:29:44]} 8. Re1 {[%clk
01:29:49]} {[%emt 00:00:03]} d6 {[%clk 01:29:39]} 9. Nbd2 {[%clk 01:29:44]}
{[%emt 00:00:11]} Ne7 {[%clk 01:29:18]} {[%emt 00:00:31]} 10. Nf1 {[%clk
01:29:15]} {[%emt 00:00:41]} Ng6 {[%clk 01:29:11]} {[%emt 00:00:14]} 11. Bb3
{[%clk 01:25:00]} {[%emt 00:04:33]} Be6 {[%clk 01:27:49]} {[%emt 00:01:45]} 12.
d4 {[%clk 01:15:52]} {[%emt 00:09:02]} Bb6 {[%clk 01:25:43]} {[%emt 00:02:11]}
13. Ng3 {[%clk 01:12:34]} {[%emt 00:03:26]} c5 {[%clk 01:24:16]} {[%emt
00:01:40]} 14. d5 {[%clk 01:11:34]} {[%emt 00:01:10]} Bd7 {[%clk 01:23:15]}
{[%emt 00:01:11]} 15. c4 {[%clk 01:11:14]} {[%emt 00:00:33]} Qc8 {[%clk
01:22:35]} {[%emt 00:01:07]} 16. Bc2 {[%clk 01:08:09]} {[%emt 00:02:56]} Bd8
{[%clk 01:20:18]} {[%emt 00:02:44]} 17. Be3 {[%clk 00:54:49]} {[%emt 00:13:12]}
Ng4 {[%clk 01:18:33]} {[%emt 00:01:53]} 18. Bd2 {[%clk 00:53:46]} {[%emt
00:01:13]} Nh4 {[%clk 01:15:30]} {[%emt 00:03:14]} 19. h3 {[%clk 00:47:28]}
{[%emt 00:06:42]} Nxf3+ {[%clk 01:11:52]} {[%emt 00:03:55]} 20. Qxf3 {[%clk
00:45:43]} {[%emt 00:02:07]} Nf6 {[%clk 01:11:52]} 21. Qd3 {[%clk 00:45:13]}
{[%emt 00:00:17]} Nh7 {[%clk 01:09:45]} {[%emt 00:02:08]} 22. f4 {[%clk
00:43:39]} {[%emt 00:01:44]} Bh4 {[%clk 01:07:25]} {[%emt 00:02:39]} 23. Rf1
{[%clk 00:42:25]} {[%emt 00:01:09]} Re8 {[%clk 01:02:24]} {[%emt 00:05:17]} 24.
fxe5 {[%clk 00:41:22]} {[%emt 00:01:12]} dxe5 {[%clk 01:01:29]} {[%emt
00:01:38]} 25. Nf5 {[%clk 00:39:12]} {[%emt 00:01:51]} Bxf5 {[%clk 01:00:27]}
{[%emt 00:01:12]} 26. Rxf5 {[%clk 00:39:12]} {[%emt 00:00:07]} Bg5 {[%clk
00:58:42]} {[%emt 00:01:53]} 27. Bxg5 {[%clk 00:37:17]} {[%emt 00:02:04]} Nxg5
{[%clk 00:58:42]} {[%emt 00:00:33]} 28. h4 {[%clk 00:37:09]} {[%emt 00:00:06]}
Nh7 {[%clk 00:58:41]} 29. Raf1 {[%clk 00:36:58]} {[%emt 00:00:11]} f6 {[%clk
00:58:41]} {[%emt 00:00:10]} 30. Qg3 {[%clk 00:36:10]} {[%emt 00:00:58]} Ra6
{[%clk 00:57:56]} {[%emt 00:00:50]} 31. Bd1 {[%clk 00:36:02]} {[%emt 00:00:18]}
Re7 {[%clk 00:56:14]} {[%emt 00:01:54]} 32. Bg4 {[%clk 00:34:29]} {[%emt
00:01:40]} Qe8 {[%clk 00:52:58]} {[%emt 00:03:23]} 33. Bh5 {[%clk 00:30:58]}
{[%emt 00:03:44]} Qxa4 {[%clk 00:51:07]} {[%emt 00:02:04]} 34. Qe3 {[%clk
00:28:47]} {[%emt 00:02:17]} Qxc4 {[%clk 00:48:40]} {[%emt 00:02:38]} 35. Be2
{[%clk 00:28:47]} {[%emt 00:00:11]} Qd4 {[%clk 00:46:25]} {[%emt 00:02:22]} 36.
Qxd4 {[%clk 00:28:47]} {[%emt 00:00:04]} cxd4 {[%clk 00:46:15]} {[%emt
00:00:37]} 37. Bxa6 {[%clk 00:28:47]} bxa6 {[%clk 00:46:15]} 38. Rc1 {[%clk
00:28:37]} {[%emt 00:00:11]} Nf8 {[%clk 00:45:42]} {[%emt 00:00:43]} 39. Rc8
{[%clk 00:27:09]} {[%emt 00:01:40]} Kf7 {[%clk 00:43:49]} {[%emt 00:02:01]} 40.
Rf2 {[%clk 00:25:51]} {[%emt 00:01:37]} Ng6 {[%clk 00:40:09]} {[%emt 00:03:41]}
41. g3 {[%clk 00:25:44]} {[%emt 00:00:15]} Rd7 {[%clk 00:39:15]} {[%emt
00:01:07]} 42. Rfc2 {[%clk 00:24:42]} {[%emt 00:01:12]} Ne7 {[%clk 00:38:00]}
{[%emt 00:01:30]} 43. R2c7 {[%clk 00:23:29]} {[%emt 00:01:19]} Nxc8 {[%clk
00:34:43]} {[%emt 00:03:24]} 44. Rxd7+ {[%clk 00:23:29]} {[%emt 00:00:19]} Ke8
{[%clk 00:34:43]} 45. Rxg7 {[%clk 00:17:06]} {[%emt 00:06:27]} Nd6 {[%clk
00:34:36]} {[%emt 00:00:26]} 46. Kf2 {[%clk 00:13:07]} {[%emt 00:03:58]} Nxe4+
{[%clk 00:34:35]} {[%emt 00:00:23]} 47. Kf3 {[%clk 00:12:08]} {[%emt 00:00:41]}
Nd6 {[%clk 00:33:56]} {[%emt 00:00:59]} 48. b3 {[%clk 00:08:47]} {[%emt
00:03:38]} e4+ {[%clk 00:33:36]} {[%emt 00:00:31]} 49. Ke2 {[%clk 00:08:41]}
{[%emt 00:00:13]} Nf5 {[%clk 00:32:52]} {[%emt 00:01:20]} 50. Rg4 {[%clk
00:07:32]} {[%emt 00:00:53]} Kd7 {[%clk 00:31:47]} {[%emt 00:01:19]} 51. Rg6
{[%clk 00:06:27]} {[%emt 00:01:13]} Kd6 {[%clk 00:28:39]} {[%emt 00:03:17]} 52.
Rxf6+ {[%clk 00:05:57]} {[%emt 00:00:40]} Ke5 {[%clk 00:28:39]} {[%emt
00:00:36]} 53. Rxa6 {[%clk 00:04:03]} {[%emt 00:01:34]} d3+ {[%clk 00:28:39]}
{[%emt 00:00:04]} 54. Kd2 {[%clk 00:03:49]} {[%emt 00:00:19]} Kd4 {[%clk
00:27:30]} {[%emt 00:01:22]} 55. d6 {[%clk 00:03:20]} {[%emt 00:00:37]} e3+
{[%clk 00:27:30]} 56. Kd1 {[%clk 00:03:20]} {[%emt 00:00:29]} e2+ {[%clk
00:26:27]} {[%emt 00:00:48]} 57. Kd2 {[%clk 00:03:03]} {[%emt 00:00:26]} Ke4
{[%clk 00:24:03]} {[%emt 00:03:09]} 58. d7 {[%clk 00:02:46]} {[%emt 00:00:06]}
Nd4 {[%clk 00:24:03]} 59. Rf6 {[%clk 00:02:04]} {[%emt 00:01:19]} Nc2 {[%clk
00:21:41]} {[%emt 00:01:54]} 60. Re6+ {[%clk 00:02:04]} {[%emt 00:00:17]} Kf5
{[%clk 00:21:29]} {[%emt 00:00:13]} 61. d8=Q {[%emt 00:00:45]} Kxe6 {[%clk
00:21:29]} 62. Qe8+ {[%clk 00:01:38]} {[%emt 00:00:08]} Kf6 {[%clk 00:20:52]}
{[%emt 00:00:42]} 63. Qf8+ {[%clk 00:01:26]} {[%emt 00:00:22]} Ke5 {[%clk
00:20:08]} {[%emt 00:00:54]} 64. Qg7+ {[%clk 00:01:09]} {[%emt 00:00:39]} Kf5
{[%clk 00:20:08]} {[%emt 00:00:08]} 65. g4+ {[%clk 00:00:49]} {[%emt 00:00:21]}
Kf4 {[%clk 00:19:18]} {[%emt 00:00:59]} 66. Qxh6+ {[%clk 00:00:49]} {[%emt
00:00:04]} Kxg4 {[%clk 00:19:12]} {[%emt 00:00:12]} 67. Qg5+ {[%clk 00:00:49]}
{[%emt 00:00:07]} Kh3 {[%clk 00:19:12]} {[%emt 00:00:08]} 68. Qe7 {[%clk
00:00:24]} {[%emt 00:00:34]} Kg4 {[%clk 00:18:08]} {[%emt 00:01:11]} 69. Qe4+
{[%clk 00:00:24]} {[%emt 00:00:38]} Kh5 {[%clk 00:17:56]} 70. Qe7 {[%clk
00:00:22]} {[%emt 00:00:12]} Kg4 {[%clk 00:17:56]} {[%emt 00:00:06]} 71. Qg5+
{[%clk 00:00:22]} {[%emt 00:00:06]} Kf3 {[%clk 00:17:41]} {[%emt 00:00:25]} 72.
Qg1 {[%clk 00:00:20]} {[%emt 00:00:06]} e1=Q+ {[%clk 00:14:53]} {[%emt
00:03:03]} 73. Qxe1 {[%clk 00:00:20]} {[%emt 00:00:06]} Nxe1 74. Kxe1 {[%clk
00:00:20]} Ke3 {[%clk 00:14:53]} 75. h5 {[%clk 00:00:20]} {[%emt 00:00:11]} d2+
{[%clk 00:14:53]} 76. Kd1 {[%clk 00:00:20]} Kd3 {[%clk 00:14:53]} 77. h6 {[%clk
00:00:20]} {[%emt 00:00:03]} Kc3 {[%clk 00:14:53]} 78. h7 {[%clk 00:00:20]}
Kxb3 {[%clk 00:14:53]} {[%emt 00:00:04]} 79. Kxd2 {[%clk 00:00:20]} {[%emt
00:00:04]} a4 {[%clk 00:14:53]} 80. h8=Q {[%emt 00:00:08]} Ka2 {[%clk
00:14:53]} {[%emt 00:00:06]} 81. Kc1 {[%clk 00:00:20]} {[%emt 00:00:07]} a3
{[%clk 00:14:53]} {[%emt 00:00:04]} 82. Qb8 {[%emt 00:00:13]} Ka1 {[%clk
00:14:53]} 83. Qb1# {[%clk 00:00:20]} {[%emt 00:00:04]} 1-0

[Event "2023 US National Elementary K-6 Championship"]
[Site "Baltimore, Maryland, United States"]
[Date "2023.05.14"]
[Round "6.1"]
[White "Williams, Oscar"]
[Black "Yan, Nathan"]
[Result "0-1"]
[TimeControl "G/90; d10"]
[WhiteElo "2025"]
[BlackElo "2213"]

1. e4 {[%clk 01:30:00]} e5 {[%clk 01:29:42]} {[%emt 00:00:38]} 2. Nf3 {[%clk
01:30:00]} Nc6 {[%clk 01:28:47]} {[%emt 00:00:59]} 3. Bb5 {[%clk 01:30:00]}
{[%emt 00:00:39]} a6 {[%clk 01:28:46]} 4. Ba4 {[%clk 01:30:00]} {[%emt
00:00:14]} Nf6 {[%clk 01:28:41]} 5. O-O {[%clk 01:30:00]} b5 {[%clk 01:28:12]}
{[%emt 00:00:23]} 6. Bb3 {[%clk 01:30:00]} {[%emt 00:00:04]} Bc5 {[%clk
01:28:12]} {[%emt 00:00:06]} 7. c3 {[%clk 01:30:00]} {[%emt 00:00:07]} d6
{[%clk 01:28:12]} {[%emt 00:00:06]} 8. d4 {[%clk 01:30:00]} {[%emt 00:00:04]}
Bb6 {[%clk 01:28:10]} {[%emt 00:00:12]} 9. Be3 {[%clk 01:30:00]} {[%emt
00:00:32]} Bg4 {[%clk 01:25:59]} {[%emt 00:02:20]} 10. Qd3 {[%clk 01:25:35]}
{[%emt 00:04:10]} Bxf3 {[%clk 01:22:11]} {[%emt 00:03:56]} 11. gxf3 {[%clk
01:25:34]} {[%emt 00:00:38]} O-O {[%clk 01:21:31]} {[%emt 00:00:27]} 12. Nd2
{[%clk 01:24:18]} {[%emt 00:01:23]} Rb8 {[%clk 01:16:10]} {[%emt 00:05:31]} 13.
a3 {[%clk 01:23:37]} {[%emt 00:00:50]} Nh5 {[%clk 01:14:59]} {[%emt 00:01:21]}
14. Kh1 {[%clk 01:19:23]} {[%emt 00:04:24]} exd4 {[%clk 01:07:42]} {[%emt
00:07:27]} 15. cxd4 {[%clk 01:18:50]} {[%emt 00:01:04]} Qf6 {[%clk 01:07:42]}
16. Rac1 {[%clk 01:15:15]} {[%emt 00:03:27]} Nxd4 {[%clk 01:06:02]} {[%emt
00:01:48]} 17. Bxd4 {[%clk 01:14:55]} {[%emt 00:00:30]} Bxd4 {[%clk 01:05:49]}
{[%emt 00:00:26]} 18. Rxc7 {[%clk 01:14:31]} {[%emt 00:00:32]} Nf4 {[%clk
01:04:30]} {[%emt 00:01:29]} 19. Qc2 {[%clk 01:14:22]} {[%emt 00:00:34]} Bb6
{[%clk 00:57:36]} {[%emt 00:06:48]} 20. Rc6 {[%clk 01:12:54]} {[%emt 00:01:38]}
Qh4 {[%clk 00:56:14]} {[%emt 00:01:32]} 21. e5 {[%clk 01:08:49]} {[%emt
00:04:23]} Qh3 {[%clk 00:45:32]} {[%emt 00:10:43]} 22. Rg1 {[%clk 01:08:04]}
{[%emt 00:00:55]} Bxf2 {[%clk 00:44:58]} {[%emt 00:00:44]} 23. Rg4 {[%clk
01:07:56]} {[%emt 00:00:24]} h5 {[%clk 00:44:36]} {[%emt 00:00:27]} 24. Rg5
{[%clk 01:07:22]} {[%emt 00:00:42]} Be1 {[%clk 00:29:51]} {[%emt 00:14:56]} 25.
Rc3 {[%clk 01:05:55]} {[%emt 00:01:37]} d5 {[%clk 00:27:20]} {[%emt 00:02:42]}
26. Rg1 {[%clk 01:03:15]} {[%emt 00:02:49]} Bf2 {[%clk 00:26:56]} {[%emt
00:00:41]} 27. Rg5 {[%clk 01:02:57]} {[%emt 00:00:20]} Bh4 {[%clk 00:25:05]}
{[%emt 00:02:05]} 28. Rg1 {[%clk 01:02:32]} {[%emt 00:00:32]} Ne2 {[%clk
00:24:30]} {[%emt 00:00:46]} 29. f4 {[%clk 00:59:07]} {[%emt 00:03:34]} Nxc3
{[%clk 00:23:45]} {[%emt 00:00:58]} 30. bxc3 {[%clk 00:56:29]} {[%emt
00:02:44]} Rbd8 {[%clk 00:17:40]} {[%emt 00:06:19]} 31. f5 {[%clk 00:55:10]}
{[%emt 00:01:28]} f6 {[%clk 00:14:36]} {[%emt 00:03:11]} 32. Qe4 {[%clk
00:49:10]} {[%emt 00:06:12]} fxe5 {[%clk 00:11:47]} {[%emt 00:02:58]} 33. Bxd5+
{[%clk 00:47:50]} {[%emt 00:01:29]} Kh8 {[%clk 00:11:47]} {[%emt 00:00:22]} 34.
Nf3 {[%clk 00:45:57]} {[%emt 00:01:50]} Rxd5 {[%clk 00:07:26]} {[%emt
00:04:34]} 35. Nxh4 {[%clk 00:43:53]} {[%emt 00:02:11]} Rd2 {[%clk 00:06:41]}
{[%emt 00:01:20]} 36. Qxe5 {[%clk 00:43:22]} {[%emt 00:00:19]} Rf6 {[%clk
00:03:54]} {[%emt 00:02:56]} 37. Qe8+ {[%clk 00:42:21]} {[%emt 00:01:12]} Kh7
{[%clk 00:03:27]} {[%emt 00:00:34]} 38. Rxg7+ {[%clk 00:27:14]} {[%emt
00:15:20]} Kxg7 {[%clk 00:03:27]} {[%emt 00:00:08]} 39. Qe7+ {[%clk 00:27:09]}
{[%emt 00:00:08]} Rf7 {[%clk 00:03:14]} {[%emt 00:00:26]} 40. Qg5+ {[%clk
00:26:31]} {[%emt 00:00:47]} Kf8 {[%clk 00:03:14]} {[%emt 00:00:08]} 41. Qh6+
{[%clk 00:26:27]} {[%emt 00:00:17]} Ke8 {[%clk 00:02:33]} {[%emt 00:00:48]} 42.
Qc6+ {[%clk 00:26:01]} {[%emt 00:00:40]} Kd8 {[%emt 00:01:05]} 43. Qb6+ {[%clk
00:23:07]} {[%emt 00:02:43]} Rc7 {[%clk 00:01:30]} {[%emt 00:00:37]} 44. Qf6+
{[%clk 00:23:03]} {[%emt 00:00:14]} Kc8 {[%clk 00:01:10]} {[%emt 00:00:30]} 45.
Qxa6+ {[%clk 00:22:15]} {[%emt 00:00:57]} Rb7 {[%clk 00:00:55]} {[%emt
00:00:28]} 46. Qe6+ {[%clk 00:20:26]} {[%emt 00:01:55]} Kb8 {[%clk 00:00:55]}
{[%emt 00:00:23]} 47. Qe5+ {[%clk 00:20:26]} Ka8 {[%clk 00:00:55]} 48. Qe8+
{[%clk 00:19:57]} {[%emt 00:00:37]} Ka7 {[%clk 00:00:55]} 49. Qe3+ {[%clk
00:19:57]} {[%emt 00:00:03]} Qxe3 {[%clk 00:00:55]} {[%emt 00:00:04]} 0-1

[Event "2023 US National Elementary K-6 Championship"]
[Site "Baltimore, Maryland, United States"]
[Date "2023.05.14"]
[Round "6.2"]
[White "Cherukuri, Nitesh"]
[Black "Rajaram, Rohan"]
[Result "1/2-1/2"]
[TimeControl "G/90; d10"]
[WhiteElo "2053"]
[BlackElo "2100"]

1. e4 {[%clk 01:25:16]} c5 {[%clk 01:30:00]} {[%emt 00:00:04]} 2. Nf3 {[%clk
01:25:16]} {[%emt 00:00:27]} d6 {[%clk 01:30:00]} 3. Bb5+ {[%clk 01:25:16]}
{[%emt 00:00:08]} Nd7 {[%clk 01:30:00]} 4. a4 {[%clk 01:25:16]} Ngf6 {[%clk
01:30:00]} {[%emt 00:00:11]} 5. Nc3 {[%clk 01:25:16]} g6 {[%clk 01:29:56]}
{[%emt 00:00:12]} 6. O-O {[%emt 00:00:32]} Bg7 {[%clk 01:29:52]} {[%emt
00:00:03]} 7. a5 {[%clk 01:25:04]} {[%emt 00:00:17]} a6 {[%clk 01:29:52]} 8.
Be2 {[%clk 01:25:04]} {[%emt 00:00:15]} O-O {[%clk 01:29:51]} 9. Re1 {[%clk
01:14:37]} {[%emt 00:10:42]} b5 {[%clk 01:27:20]} {[%emt 00:02:32]} 10. axb6
{[%clk 01:14:31]} {[%emt 00:00:18]} Bb7 {[%clk 01:27:08]} {[%emt 00:00:18]} 11.
d3 {[%clk 01:11:58]} {[%emt 00:02:44]} Nxb6 {[%clk 01:27:03]} {[%emt 00:00:23]}
12. Nd2 {[%clk 01:09:28]} {[%emt 00:02:32]} Qc7 {[%clk 01:19:12]} {[%emt
00:08:01]} 13. Bf3 {[%clk 01:06:09]} {[%emt 00:03:32]} Nfd7 {[%clk 01:13:29]}
{[%emt 00:06:28]} 14. Nd5 {[%clk 00:57:35]} {[%emt 00:08:06]} Nxd5 {[%clk
01:08:37]} {[%emt 00:05:01]} 15. exd5 {[%clk 00:57:35]} {[%emt 00:00:10]} Ne5
{[%clk 01:05:35]} {[%emt 00:03:02]} 16. Nc4 {[%clk 00:55:50]} {[%emt 00:02:02]}
Nxf3+ {[%clk 01:02:01]} {[%emt 00:03:52]} 17. Qxf3 {[%clk 00:55:50]} e6 {[%clk
00:58:45]} {[%emt 00:03:16]} 18. Bf4 {[%clk 00:54:16]} {[%emt 00:01:42]} e5
{[%clk 00:55:53]} {[%emt 00:03:05]} 19. Bd2 {[%clk 00:53:24]} {[%emt 00:01:06]}
f5 {[%clk 00:55:02]} {[%emt 00:00:58]} 20. Ra3 {[%clk 00:39:51]} {[%emt
00:13:56]} Rae8 {[%clk 00:48:37]} {[%emt 00:06:19]} 21. Rb3 {[%clk 00:35:09]}
{[%emt 00:05:07]} e4 {[%clk 00:43:45]} {[%emt 00:04:47]} 22. dxe4 {[%clk
00:26:16]} {[%emt 00:09:03]} fxe4 {[%clk 00:43:45]} {[%emt 00:00:08]} 23. Qg3
{[%clk 00:18:03]} {[%emt 00:08:34]} Bxd5 {[%clk 00:41:52]} {[%emt 00:01:57]} 24.
Nxd6 {[%clk 00:12:04]} {[%emt 00:06:11]} Re5 {[%clk 00:22:06]} {[%emt
00:19:49]} 25. c4 {[%clk 00:08:42]} {[%emt 00:03:33]} Qxd6 {[%clk 00:20:47]}
{[%emt 00:01:29]} 26. cxd5 {[%clk 00:08:42]} {[%emt 00:00:13]} Qxd5 {[%clk
00:20:05]} {[%emt 00:00:51]} 27. Bc3 {[%clk 00:06:14]} {[%emt 00:02:29]} Ref5
{[%clk 00:18:31]} {[%emt 00:01:44]} 28. Bxg7 {[%clk 00:06:11]} {[%emt
00:00:22]} Kxg7 {[%clk 00:18:31]} {[%emt 00:00:12]} 29. Rbe3 {[%clk 00:06:04]}
{[%emt 00:00:09]} Rf4 {[%clk 00:16:27]} {[%emt 00:02:09]} 30. R3e2 {[%clk
00:04:55]} {[%emt 00:01:17]} Kg8 {[%clk 00:14:54]} {[%emt 00:01:42]} 31. Qe3
{[%clk 00:04:50]} {[%emt 00:00:36]} c4 {[%clk 00:13:47]} {[%emt 00:00:56]} 32.
Qa7 {[%clk 00:03:24]} {[%emt 00:01:40]} a5 {[%clk 00:12:45]} {[%emt 00:01:09]}
33. Qe7 {[%clk 00:03:11]} {[%emt 00:00:22]} Qd4 {[%clk 00:11:55]} {[%emt
00:01:00]} 34. Rf1 {[%clk 00:02:46]} {[%emt 00:00:35]} c3 {[%clk 00:05:16]}
{[%emt 00:07:00]} 35. bxc3 {[%clk 00:02:30]} {[%emt 00:00:17]} Qxc3 {[%clk
00:05:16]} {[%emt 00:00:03]} 36. Rxe4 {[%emt 00:05:09]} R4f6 {[%emt 00:00:39]}
37. f3 R8f7 {[%emt 00:00:09]} 38. Qe5 1/2-1/2